les 20 préfectures les plus proches de Lons le Saunier - Statistiques

Statistiques générales
  • Ce quiz a été pris 112 fois
  • Le résultat moyen est 17 sur 20
Statistiques - réponses
distance (en km) ville préfecture % Correct
82 Dijon
98%
72 Besancon
97%
116 Lyon
97%
196 Auxerre
96%
58 Bourg en Bresse
95%
146 Belfort
94%
97 Annecy
93%
186 Nevers
92%
126 Chambery
91%
207 Colmar
90%
164 Saint Etienne
90%
69 Macon
89%
166 Grenoble
88%
180 Epinal
84%
115 Vesoul
82%
213 Troyes
81%
215 Clermont-Ferrand
79%
200 Valence
73%
171 Moulins
72%
163 Chaumont
71%
Aucun quiz correspondant
Distribution des résultats
% des personnes avec chaque résultat
Percentile par nombre de réponses
Votre historique - résultats
Vous n’avez pas pris ce quiz